000 00514nam a2200181Ia 4500
001 8796
005 20260306160636.0
008 260306t2018||||xx |||||||||||||| ||spa||
041 _aESP
082 _a371.337
_bB83
100 _aBrinnitzer, Evelina Viviana
_eAUT
245 0 _aJuegotecas:
_bespacios para crear y promover actividades colectivas: orientaciones para el diseño de proyectos
260 _c2018
300 _a248 páginas :
_c24 cm.
650 _aGEN
654 _aCED
942 _cLIB
_dJUS
_fJUS
_2ddc
_n
999 _c8796
_d8796